MDQL
is popping MORE tags! Check the
thread
!
Quizzes
Events
Quiz Creation
Community
Videos
Private Events
Remove Ads
Sign In
Join for FREE
Feedback
Dark Mode
Quiz Categories
Sports
Geography
Music
Movies
Television
Just For Fun
Miscellaneous
History
Literature
Language
Science
Gaming
Entertainment
Religion
Holiday
For Kids
Quiz Lab
Recent
Popular Today
Quiz Kudos Today
Editor Picks
Curator Picks
Quizzes by...
Day
Popularity
Type
Ratings
Length
Year
Community
Subscriptions
Recent Discussions
Orange Saloon
Badges
Playlists
Quests
Create
Leaderboards
Showdown
Live 5
Trivia Bingo
Activity
Puzzle Library
Sporcle Events
Private Events
Virtual Trivia
Globe League
Become a Host
Pub Owners
SporcleCon
Opinionation
Our Games
Videos
Blog
Mobile Apps
Partnerships
Remove Ads and Go Orange
Feedback
Science
Computer
Plants
Astronomy
Chemistry
Elements
Math
Animal
Physics
Anatomy
Biology
Geology
General Science
Science
Computer
Plants
Astronomy
Chemistry
Elements
Math
Animal
Physics
Anatomy
Biology
Geology
General Science
Random Quiz
Search Sporcle
×
Quiz Lab
Quiz Lab
Science
endocrine
Type in answers that appear in a list
Type in answers that appear in a list
Classic
Best Score? Go Orange.
Endocrine Gland Hormones Stats
Can you name the Endocrine Gland Hormones?
By
gagnondaphne
10m
16 Questions
169 Plays
169 Plays
169 Plays
Comments
Comments
Give Quiz Kudos
Give Quiz Kudos
-
- Ratings
hide this ad
Random Order
Randomize order of answers
Randomize order of answers
Replay
Link that replays current quiz
Next Quiz
Link to next quiz in quiz playlist
You Got
0%
They Got
Avg Score
58%
Avg Friend Score
Upgrade to see
Score Distribution
Jump to the score distribution portion of the page
Score
0/16
Timer
10:00
0
Plays Today
Hint
Answer
% Correct
Secretes Insulin and Glucagon.
Pancreas
88.2%
Secrete Estrogen and Progesterone
Ovaries
82.8%
Secretes Melatonin
Pineal Gland
75.7%
Releases GH, TSH, ACTH, FSH, LH, Prolactin, MSH
Anterior Pituitary
69.8%
Releases ADH and oxytocin
Hypothalamus
68.6%
Releases Thyroid Hormone, Calcitonin and Parathyroid Hormone
Thyroid Gland
68%
Releases Mineralocorticoids, Aldosterone, Glucocorticoids, Cortisol and Gonadocorticoids
Adrenal Glands
67.5%
Produces Thymosin
Thymus
66.3%
Hint
Answer
% Correct
Hormone storage area. Secretes neurohormones from Hypothalamus
Posterior Pituitary
65.7%
Secretes Catecholamines: Epinephrine and Norepinephrine
Adrenal Medulla
60.4%
Releases Erythropoietin
Kidneys
50.3%
Secretes Testosterone and Inhibin
Testis
42.6%
Secretes ANP to lower blood pressure
Heart
42%
Secretes Estrogen, Progesterone and hCG during pregnancy
Placenta
40.2%
Secretes Leptin and Resistin
Adipose Tissue
26%
Release local hormones that control activity of the digestive tract
Intestines
25.4%
Quiz Playlist
Details
Report
Send in Message
Add To Playlist
Classic:
Type in answers that appear in a list
Random Order:
Randomize order of answers
Last Updated: Feb 16, 2017
Quiz Scoreboard
CHALLENGE
Sign Up to Join the Scoreboard
Show All
Scores
Hide
Comments
May contain spoilers
Recently Published
Two Season TV Shows II
by 123Four
Television
10m
Image Sorting: Flags VI
by Barbecue
Geography
2m
Find the 'City' Movie
by crazypaving
Movies
60s
More to Explore
Quiz From the Vault
Featured Blog Post
14 Easter Pick-up Lines to Find Eggs With
hide this ad
You Might Also Like...
Tags
endocrine
gland
hormone
Today's Top Quizzes in Science
Browse Science
hide this ad
Top Contributed Quizzes in Science
1
Mitosis Sporcle for Escape Room
2
Windmill: Elements
3
200 Vogels in Nederland
4
Square Numbers Scrambled (1-50)
5
Elements In Images
6
Glycolysis
7
Count to 60
8
Quick Pick: 'CI-CJ' Animals
9
17 TIMES TABLE
10
perfect squares 1-25
Explore More
Trending Topics
Marvel
Crossword
Anime
Harry Potter
NBA
Disney
Kpop
Soccer
Country
Song
Puzzle
WWE
NFL
Pokémon
The Office
hide this ad
More By:
gagnondaphne
Quiz
Plays
Rating
Category
Featured
Created
Endocrine Gland Hormones
169
Science
Feb 21, 2016
Endocrine Hormone Functions
161
Science
Feb 21, 2016
Nervous System Part 1
149
Science
Feb 21, 2016
Endocrine Hormone Functions 2
54
Science
Feb 21, 2016
Nervous System Part 2
32
Science
Feb 21, 2016
Go to Creator's Profile
Score Distribution
Quiz Creator Spotlight
gagnondaphne
Follow
Send a Message
Quizzes Created
-
Created Quiz Play Count
-
More By This Creator
Popular Quizzes Today
1
Find the US States - No Outlines Minefield
2
Colored Red Africa Blitz
3
Find the 'City' Movie
4
5x2 Blitz: Bands
5
The Countries of the World
6
Find the Countries of Europe - No Outlines Minefield
7
Find the US States
8
US States
More Science Quizzes
Cryptogram: Zoo Animals
Published
Trending Quizzes
Colored Red Europe Blitz I
Colored Red Africa Blitz II
Colored Red Europe Blitz II
Colored Red Africa Blitz III
Even More Two Season TV Shows
Recently Updated
March Madness Men's Triple Doubles
pecheneg
How Do You Spell That?
pecheneg
Godzilla Movies
pecheneg
Grab Bag: 4-10 Letters
pecheneg
2024 March Madness Bracket
pecheneg
Famous TV Couples
Peacemaker
Champions League XIs: Real Madrid
pecheneg
Largest US Cities 1790-2010
pecheneg
Rides in Walt Disney World
pecheneg
Most Oscar Losses (Acting)
pecheneg
Trending Topics
Anime
Harry Potter
Disney
Marvel
Crossword
Kpop
NBA
Puzzle
WWE
Soccer
Song
Country
NFL
Pokémon
The Office
Your Account Isn't Verified!
In order to create a playlist on Sporcle, you need to verify the email address you used during registration. Go to your
Sporcle Settings
to finish the process.
Report this User
Report this user for behavior that violates our
Community Guidelines
.
Details:
Send Report
Go to the Sporcle.com Mobile Site →
Comments